Cestovný ruch trendy a perspektívy

Saved in:
Bibliographic Details
Main Author: Borovský, Juraj
Other Authors: Smolková, Eva, Niňajová, Iveta
Format: Book
Language:Slovak
Published: Bratislava Iura Edition 2008
Series:Ekonómia
Subjects:
Tags: Add Tag
No Tags, Be the first to tag this record!

MARC

LEADER 00000nam$a2200000$$$4500
001 0082923
005 20221014092624.6
020 |a 978-80-8078-215-3 
041 0 |a slo 
044 |a SK 
245 1 0 |a Cestovný ruch  |b trendy a perspektívy  |c Juraj Borovský, Eva Smolková, Iveta Niňajová 
264 1 |a Bratislava  |b Iura Edition  |c 2008 
300 |a 280 s. 
490 1 |a Ekonómia 
830 0 |a Ekonómia 
610 2 0 |a konkurencieschopnosť 
610 2 0 |a služby doplnkové 
610 2 0 |a politika ruchu cestovného 
610 2 0 |a marketing 
610 2 0 |a zdroje ľudské 
610 2 0 |a Slovensko 
610 2 0 |a podnikanie 
610 2 0 |a fondy štruktúrne 
100 1 |a Borovský, Juraj 
700 1 |a Smolková, Eva 
700 1 |a Niňajová, Iveta